| 000 | 00695nam a2200277 a 4500 | ||
|---|---|---|---|
| 003 | AR-BaBNM | ||
| 005 | 20251128204557.0 | ||
| 008 | 082120s2002 ||||||||||||||000 | spa|| | ||
| 020 | _a84-236-2553-2 | ||
| 040 | _cAR-BaBNM | ||
| 100 | 1 | _aMahy, Margaret | |
| 245 | 0 | 0 | _aEspacios peligrosos |
| 260 |
_aBarcelona _bEdebé _c1991 |
||
| 300 |
_a184 p. _bil. |
||
| 490 | 0 |
_aPeriscopio _vv. 1 |
|
| 650 | 4 | _aLIBROS PARA NIÑOS | |
| 650 | 4 | _aNOVELAS | |
| 650 | 4 | _aHISTORIAS DE AMOR | |
| 653 | _aLITERATURA NEOZELANDESA | ||
| 653 | _aNARRATIVA | ||
| 655 | _aLITERATURA | ||
| 700 | 1 |
_aTapia, Sonia _etraductor |
|
| 700 | 1 |
_aAlonso, Juan Ramón _eilustrador |
|
| 942 | _cBK | ||
| 998 | _cMARTIN | ||
| 999 |
_c7988 _d7988 |
||